000 00631nam a2200217Ia 4500
005 20231124104647.0
008 131103s9999 xx 000 0 und d
020 _a8185604258
_cRs.140
040 _aLoreto College
041 _aEnglish
082 _a396
_bDES
245 _aIndelible Imprints - Daughters Write on Fathers
_b
_cedited by Priti T.Desai,Neela D'Souza and Sonal Shukla
250 _bForeword by Neera Desai
260 _aCalcutta
_bStree
_c1999
300 _axiv,137 p.
650 _aWomen - Social Conditions
651 _aWomen Studies
700 _aDesai,Priti T.,ed.
850 _aLCLIB
942 _cBK
999 _c11342
_d61821